| 000 | 02052cam a22005414i 4500 | ||
|---|---|---|---|
| 003 | PE-LiUPU | ||
| 005 | 20250731180128.0 | ||
| 008 | 150625s1986 sp a r 000 0 spa d | ||
| 020 | _a8428207437 | ||
| 020 | _a9788428207430 | ||
| 035 | _a(Sirsi) a33255 | ||
| 040 |
_aPE-LiUPU _bspa _cPE-LiUPU _erda |
||
| 049 | _aPRUA | ||
| 082 | 0 | 4 |
_a547 _bK39 _221 |
| 100 | 1 |
_aKemp, Daniel S., _eautor. |
|
| 245 | 1 | 0 |
_aQuimica Orgánica / _cDaniel S. Kemp, Frank Vellaccio. |
| 264 | 1 |
_aBarcelona : _bOmega, _c1986. |
|
| 300 |
_axiv, 1417 páginas : _bilustraciones ; _c23 centímetros |
||
| 336 |
_atext _2rdacontent |
||
| 337 |
_aunmediated _2rdamedia |
||
| 338 |
_avolume _2rdacarrier |
||
| 505 | 0 | _aQuímica de los grupos funcionales portadores de carbono electrófilo -- Pruebas sobre la estructura -- Química de los hidrocarburos, carbono nucleófilo -- Reactividad de los hidrógenos del grupo carbonilo -- Derivados carbonílicos polifuncionales -- Energética, clase de reacción y mecanismo -- Derivados heteroatómicos del carbono -- Temas avanzados. | |
| 526 | _aSEG44 | ||
| 526 | _aSEG26 | ||
| 526 | _aP159 | ||
| 526 | _aP155 | ||
| 526 | _aP154 | ||
| 526 | _aP153 | ||
| 526 | _aP150 | ||
| 526 | _aP100 | ||
| 526 | _aP31 | ||
| 526 | _aP30 | ||
| 526 | _aP26 | ||
| 526 | _aP25 | ||
| 526 | _aP24 | ||
| 526 | _aP22 | ||
| 526 | _aP15 | ||
| 526 | _aP10 | ||
| 650 | 0 | 4 |
_aQuimica Organica. _92142 |
| 700 | 1 |
_aVellaccio, Frank, _eautor. |
|
| 910 |
_adbm _bncf _cncf _d20190425 |
||
| 942 |
_2ddc _cBOOK |
||
| 949 |
_a547 K39 _wDEWEY _c1 _i31893 _lCCODEBUL1 _mBUL _p00.00 _r0 _sY _tBOOK _u2015-06-25 _xBIBLIOTECA _zUNKNOWN _0COMPRA _o.STAFF. Colección Ingeniería y Arquitectura |
||
| 994 |
_aC0 _bPEPRU |
||
| 596 | _a1 | ||
| 999 |
_a547 K39 _wDEWEY _c40983 _i31893 _d40983 _e2019-9-24 _f2021-11-5 _g8 _lCCODEBUL1 _mBUL _n1 _p33.20 _q4 _r0 _sY _tBOOK _u2015-6-25 _xBIBLIOTECA _PP26 _0COMPRA _o.STAFF. Colección Ingeniería y Arquitectura |
||
| 980 |
_81 _gALBERTO SANCHEZ Responsable de Automatización |
||